A political history of Muslims, (Record no. 77701)
[ view plain ]
| 000 -LEADER | |
|---|---|
| fixed length control field | 00774cam a2200241 4500 |
| 001 - CONTROL NUMBER | |
| control field | sa 68001104 |
| 003 - CONTROL NUMBER IDENTIFIER | |
| control field | DLC |
| 005 - DATE AND TIME OF LATEST TRANSACTION | |
| control field | 20260227112430.0 |
| 008 - FIXED-LENGTH DATA ELEMENTS--GENERAL INFORMATION | |
| fixed length control field | 710903m19679999pk b b 00110 eng |
| 010 ## - LIBRARY OF CONGRESS CONTROL NUMBER | |
| LC control number | sa 68001104 //r79 |
| 025 ## - OVERSEAS ACQUISITION NUMBER | |
| Overseas acquisition number | PL480:EP-E-421 |
| 043 ## - GEOGRAPHIC AREA CODE | |
| Geographic area code | aw----- |
| -- | ff----- |
| 050 0# - LIBRARY OF CONGRESS CALL NUMBER | |
| Classification number | DS38.3 |
| Item number | .I44 |
| 082 ## - DEWEY DECIMAL CLASSIFICATION NUMBER | |
| Classification number | 953/.02/0922 |
| 100 10 - MAIN ENTRY--PERSONAL NAME | |
| Personal name | Imamuddin, S. M. |
| 245 12 - TITLE STATEMENT | |
| Title | A political history of Muslims, |
| Statement of responsibility, etc. | by S. M. Imamuddin. |
| 260 0# - PUBLICATION, DISTRIBUTION, ETC. | |
| Place of publication, distribution, etc. | Dacca, |
| Name of publisher, distributor, etc. | Najmah |
| Date of publication, distribution, etc. | [1967- |
| 300 ## - PHYSICAL DESCRIPTION | |
| Extent | v. in |
| Other physical details | maps. |
| Dimensions | 23 cm. |
| 500 ## - GENERAL NOTE | |
| General note | Vols. 2- 1st ed.; have imprint: Najmahsons, Dacca. |
| 504 ## - BIBLIOGRAPHY, ETC. NOTE | |
| Bibliography, etc. note | Includes bibliographies and indexes. |
| 505 1# - FORMATTED CONTENTS NOTE | |
| Formatted contents note | [v. 1.] Prophet and pious caliphs.--v. 2. Umayyads and Abbasids, 661-1258. 2 v. |
| 651 #0 - SUBJECT ADDED ENTRY--GEOGRAPHIC NAME | |
| Geographic name | Islamic Empire |
| General subdivision | History. |
No items available.